000 00721nam a2200289Ia 4500
005 20260324130932.0
008 008 260324s9999 xx 000 0 eng d
020 _a9781849770354
037 _aEBOOK
040 _aCRL
040 _beng
040 _cCRL
041 _2eng
041 _aeng
084 _qCRL
100 _aCaitriona McLeish; Brian Rappert
_91183601
245 2 _aA Web of Prevention
245 0 _bBiological Weapons, Life Sciences and the Governance of Research
260 _bTaylor and Francis
260 _c2007
365 _a
365 _b230
856 _uhttp://www.taylorfrancis.com/books/9781849770354
942 _cEBOOK
999 _c1780316
_d1780316